Statistiche per Personaggi sketch Aldo, Giovanni e Giacomo

Clicka qui per fare il quiz!

Statistiche generali

  • Questo quiz è stato fatto 22 volte
  • Il punteggio medio è 7 su 30

Statistiche sulle risposte

Tipo personaggioNome personaggio/i% Corretto
TrioPdor figlio di Kmer
89%
SingoloTafazzi
61%
TrioBusto Garolfo Cops
44%
TrioGli svizzeri
44%
TrioI bulgari
44%
TrioNico e i Sardi
44%
SingoloAjeje Brazorf
39%
TrioGli animali
39%
TrioI dottori
39%
SingoloIl conte Dracula
33%
SingoloOnorevole Nullazzo
33%
TrioGli arbitri
28%
SingoloMr John Flanagan
28%
SingoloRolando
28%
SingoloJohnny Glamour
22%
TrioGli astronauti
17%
TrioI monaci zen
17%
TrioI tre gemelli
17%
TrioI tre tenori Figaroa
17%
SingoloBimbo Gigi
11%
TrioI supereroi
11%
TrioI mimi
6%
TrioLa famiglia Ubaldi
6%
TrioI Cataldo brothers
0%
TrioI Los Loanos
0%
TrioI maggiordomi solerti
0%
TrioI wrestler
0%
TrioLe mondine
0%
TrioLe ronde padane
0%
TrioLos Merenderos
0%

Distribuzione punteggi

Percentile per numero di risposta

Percentuale di utenti per punteggio

I tuoi punteggi nel tempo

Non hai fatto questo quiz